000 00305nam a22001097a 4500
008 160422b xxu||||| |||| 00| 0 eng d
020 _a9781284044799
041 _aeng
080 _a618.2
245 _aPharmacology for nursing:
_cDwayne Accardo; Catherine Bodine; Jacqueline Lee Rosenjack;
942 _2udc
_cBK
999 _c1529
_d1529